Pacto de los conquistadores con la corona y la antigua constitución indiana: dos temas ideológicos de la época de la independencia
Saved in:
| Main Author: | |
|---|---|
| Format: | Book |
| Language: | Spanish |
| Published: |
Buenos Aires
Universidad
1965
|
| Subjects: | |
| Tags: |
Add Tag
No Tags, Be the first to tag this record!
|
MARC
| LEADER | 00000nam a2200000 a 4500 | ||
|---|---|---|---|
| 001 | UCO2807 | ||
| 003 | CL-VaPUC | ||
| 008 | 000608e19650000AG |||||||||||||||||spa|d | ||
| 082 | 0 | 4 | |a 980.02 |b GON |2 21 |
| 100 | |a Góngora del Campo, Mario |e autor |9 589641 | ||
| 245 | 1 | 0 | |a Pacto de los conquistadores con la corona y la antigua constitución indiana: dos temas ideológicos de la época de la independencia |
| 300 | |a 30 p | ||
| 942 | |c BK | ||
| 945 | |d 20000608 00:00:00 |a rherrera | ||
| 260 | |a Buenos Aires |b Universidad |c 1965 | ||
| 500 | |a Apartado de la revista del Instituto de Historia del Derecho, 16 | ||
| 650 | 0 | |a Historia de América |9 266076 | |
| 650 | 0 | |a Independencia Americana |9 395691 | |
| 650 | 0 | |a Colonias españolas |9 267778 | |
| 651 | 0 | |a América |9 255182 | |
| 583 | |a last modification |c 20000608 00:00:00 |k Rodrigo Vera | ||
| 999 | |c 289302 |d 289300 | ||
| 952 | |0 0 |1 0 |4 0 |6 980_020000000000000_GON_1965 |7 0 |8 A |9 337581 |a BIBHIS |b BIBHIS |d 2019-11-20 |i 128763K |o 980.02 GON 1965 |p 128763K |r 2025-01-20 |w 2019-11-20 |y BK |k HIS | ||